000 00550nam a2200193Ia 4500
003 GCL
008 140319s9999 xx 000 0 eng d
040 _aGCL /
_cGCL
082 0 4 _a621.3678
_bS R
100 1 _aSABINS, FLOYD F
245 1 0 _aREMOTE SENSING PRINCIPLES AND INTERPRETATION /
_cSABINS, FLOYD F
260 _a[S.N] :
_bW. H.FREEMAN AND COMPANY ،
_c1996
300 _a494 P
650 0 4 _aالتحليل الرياضى
650 0 4 _aالادب السويسرى
650 0 4 _aREMOTE SENSING
650 0 4 _aTECHNOLOGY
942 _2ddc
_cBK
999 _c15829
_d15829